[Event "Online Olym Div4 B"]
[Site "Chess.com INT"]
[Date "2021.08.21"]
[Round "4.1"]
[White "Thomas Araya, Fessihaye"]
[Black "Khalema, Sechaba"]
[Result "0-1"]
[WhiteElo "1778"]
[BlackElo "1826"]
[PlyCount "84"]
[EventDate "2021.08.20"]
[EventType "team (rapid)"]
[EventRounds "11"]
[EventCountry "USA"]
[SourceTitle "CBM 203 Extra"]
[Source "ChessBase"]
[SourceDate "2021.09.30"]
[SourceVersion "1"]
[SourceVersionDate "2021.09.30"]
[SourceQuality "1"]
[WhiteTeam "Eritrea"]
[BlackTeam "Lesotho"]
[WhiteTeamCountry "ERI"]
[BlackTeamCountry "LES"]

1. e4 e5 2. Nf3 Nc6 3. Nc3 Nf6 4. Bc4 Bc5 5. 0-0 0-0 6. d3 d6 7. Bg5 Nb8 8. Nh4 c6 9. h3 h6 10. Be3 Bb4 11. Nf3 Ba5 12. a3 Re8 13. Qe2 a6 14. Nh2 d5 15. exd5 cxd5 16. b4 Bc7 17. Nxd5 Nxd5 18. Qf3 Nf6 19. Ng4 Nbd7 20. Nxh6+ gxh6 21. Qg3+ Kh7 22. Qh4 Ng8 23. Qe4+ Kg7 24. Qg4+ Kf8 25. f4 Ndf6 26. fxe5 Bxg4 27. hxg4 Bxe5 28. Rad1 Kg7 29. g5 hxg5 30. Bxg5 Bd4+ 31. Kh1 Qd6 32. Rf3 Qe5 33. Bd2 Qh5+ 34. Rh3 Qxd1+ 35. Kh2 Qxd2 36. Rg3+ Kf8 37. Rf3 Qh6+ 38. Rh3 Be5+ 39. Kg1 Qc1+ 40. Kf2 Qd2+ 41. Kf1 Bg3 42. Rxg3 Re1# 0-1

[Event "Online Olym Div4 B"]
[Site "Chess.com INT"]
[Date "2021.08.21"]
[Round "6.2"]
[White "Thomas Araya, Fessihaye"]
[Black "Zakareya, A Safeya"]
[Result "0-1"]
[WhiteElo "1778"]
[BlackElo "1912"]
[PlyCount "90"]
[EventDate "2021.08.20"]
[EventType "team (rapid)"]
[EventRounds "11"]
[EventCountry "USA"]
[SourceTitle "CBM 203 Extra"]
[Source "ChessBase"]
[SourceDate "2021.09.30"]
[SourceVersion "1"]
[SourceVersionDate "2021.09.30"]
[SourceQuality "1"]
[WhiteTeam "Eritrea"]
[BlackTeam "Palestine"]
[WhiteTeamCountry "ERI"]
[BlackTeamCountry "PLE"]

1. e4 c5 2. Nf3 d6 3. Bb5+ Nc6 4. Nc3 Bg4 5. h3 Bh5 6. Be2 Nf6 7. d3 e6 8. Nh2 Bxe2 9. Nxe2 d5 10. exd5 Nxd5 11. Nf4 Bd6 12. Nxd5 exd5 13. 0-0 0-0 14. Qg4 Ne5 15. Qd1 Ng6 16. Nf3 Bc7 17. Re1 Qd6 18. g3 Rfe8 19. d4 b6 20. Be3 Re7 21. h4 Qd7 22. dxc5 Rae8 23. cxb6 axb6 24. Qd2 Qf5 25. Kg2 Re4 26. Bg5 h6 27. Rxe4 dxe4 28. Nd4 Qd5 29. Be3 Ne5 30. Nf5 Qe6 31. Nd4 Qf6 32. Rf1 Rd8 33. Qc3 Nf3 34. Qxc7 Nxd4 35. Qf4 Qc6 36. Bxd4 Rxd4 37. Qe3 Ra4 38. a3 Ra8 39. c3 Rd8 40. Re1 f5 41. Qf4 e3+ 42. Kf1 Qh1+ 43. Ke2 Rd2+ 44. Kxe3 Qxe1+ 45. Kf3 Qxf2# 0-1